000 00311nam a22001337a 4500
082 _a030
_bGOV/M
100 _aGOVIND NIKHILA
245 _aMALAYALM ENGLISH DICTIONARY
250 _aFOURTH EDITION
260 _aKOTTAYAM
_bAVANTY PUBLICATIONS
_c1998
300 _a150
650 _aDICTIONARY
_zINDIA
942 _cBK
999 _c2095
_d2095